|
|
|
|
| LEADER |
00000nam a2200000 i 4500 |
| 001 |
1/79478 |
| 008 |
960823s1991 gre d |
| 035 |
|
|
|a 1993
|b 1
|c Μικιόζος
|l 10033187
|
| 040 |
|
|
|a GR-MY-UA
|b gre
|e aacr
|
| 041 |
0 |
|
|a gre
|
| 082 |
0 |
|
|a 796.312
|
| 100 |
1 |
|
|a Παρασκευάς, Σωτ.
|
| 245 |
1 |
0 |
|a Μεθοδολογία της χειροσφαίρισης /
|c Σωτ. Παρασκευάς, Ευθ. Παυλίδης, Αθ. Χτζηορφανός
|
| 260 |
|
|
|a Αθήνα :
|b [χ.ο.],
|c 1991
|
| 300 |
|
|
|a 282 σ.
|b εικ.
|
| 650 |
0 |
0 |
|a Handball
|x Methodology.
|
| 650 |
0 |
0 |
|a Handball
|x Technique.
|
| 650 |
0 |
0 |
|a Handball.
|
| 700 |
1 |
|
|a Παυλίδης, Ευθ.
|
| 700 |
1 |
|
|a Χατζηορφανός, Αθανάσιος.
|
| 852 |
|
|
|a INST
|b RHODES
|e 19960823
|h 796.312 ΠΑΡ
|p 005400009636
|q 005400009636
|t BK
|y 0
|
| 909 |
|
|
|a Ρ
|b 026119
|
| 922 |
|
|
|a 4ΕΛΗ
|b 199303
|c ΜΙΚΙΟΖΟΣ
|
| 970 |
|
|
|a ΧΟΡΟΖΙΔΟΥ
|b ΤΖΕΝΗ
|z 1999/11/10
|